000 00343nam a22001337a 4500
008 171002b xxu||||| |||| 00| 0 eng d
020 _a067520710x03
041 _aeng
080 _a37
100 _a47
101 _aEDU
245 _aADAPTING EARLY CHILDHOOD CURRICULA FOR CHILDREN WITH SPECIAL NEEDS
_cCOOK.T
942 _2udc
_cBK
999 _c31135
_d31135